Online Catalogue and eLibrary

Pituwahal kala tharuniya (Record no. 5540)

MARC details
000 -LEADER
fixed length control field 00401nam a2200169Ia 4500
005 - DATE AND TIME OF LATEST TRANSACTION
control field 20250430045404.0
008 - FIXED-LENGTH DATA ELEMENTS--GENERAL INFORMATION
fixed length control field 240331s9999 xx 000 0 und d
020 ## - INTERNATIONAL STANDARD BOOK NUMBER
ISBN 9559595210
082 ## - DDC Classification
Item Number - Author Mark WEE
Class No. 891
100 ## - MAIN ENTRY--PERSONAL NAME
Personal name Weerasinghe,T
245 #0 - TITLE STATEMENT
Title Pituwahal kala tharuniya
260 ## - PUBLICATION, DISTRIBUTION, ETC.
Place of publication, distribution, etc. Borelsgamuwa
Name of publisher, distributor, etc. CRC printers
Date of publication, distribution, etc. 1997
300 ## - PHYSICAL DESCRIPTION
Extent (e.g. Volumes, Pages etc.) 62 p ., ( C 1)
650 ## - SUBJECT ADDED ENTRY--TOPICAL TERM
Topical term or geographic name entry element Essays
650 ## - SUBJECT ADDED ENTRY--TOPICAL TERM
Topical term or geographic name entry element Poems
942 ## - Koha item type (Biblio)
Koha item type Books in Stacks (Lending)
Holdings
Lost status Damaged status Collection code Home library Current library Shelving location Date acquired Full call number Accession Number Item type
    Lending WERC Library WERC Library Social Science Cupboard 03/31/2024 891.48 WEE 2904 Books in Stacks (Lending)

© WERC Library